000 00965nam a2200253Ia 4500
003 GCL
008 140319s9999 xx 000 0 ara d
040 _aGCL /
_cGCL
082 0 4 _a953.09
_bى ا
100 1 _aيوسف حسين عمر
245 1 0 _aاسباب خلع السلطان عبدالحميد الثانى 1876-1909 /
_cيوسف حسين عمر
260 _aالاردن :
_bدار الكتاب ،
_c2005
300 _a408ص ؛
_c24 سم
650 0 4 _aالتاريخ الاسلامى
650 0 4 _aالماسونية
650 0 4 _aالامبراطورية العثمانية
650 0 4 _aالامبراطورية العثمانية - سقوط
650 0 4 _aعبد الحميد الثانى
650 0 4 _aالامبراطورية العثمانية - عصر الضعف
650 0 4 _aيهود الدونمة
650 0 4 _aتركيا الفتاة
650 0 4 _aالامبراطورية العثمانية - اليهودية
942 _2ddc
_cBK
999 _c8398
_d8398